000 00471nam a2200181Ia 4500
008 230917s9999||||xx |||||||||||||| ||und||
020 _cRS 599.00
040 _e5006933
_aMAIN
041 _aEnglish
082 _a658.3 S58H(2)
100 _aSanghi, Seema
245 0 _aHuman resource management
250 _a2nd ed.
260 _aNoida
_bVikas Publishing House
_c2021
300 _a465 p.
500 _a4408 19/01/2022 IF22/1066 20/01/2022 Main Budget
942 _cBK
999 _c4641
_d4641